Integration rural development (Record no. 47165)

MARC details
000 -LEADER
fixed length control field 00612nam a2200169 a 4500
008 - FIXED-LENGTH DATA ELEMENTS--GENERAL INFORMATION
fixed length control field 120416s1980 ||||||||||||||||| || u
050 ## - LIBRARY OF CONGRESS CALL NUMBER
Classification number HD 69.P75 Mon
100 ## - MAIN ENTRY--PERSONAL NAME
Personal name Montgomery, John D
245 10 - TITLE STATEMENT
Title Integration rural development
246 ## - VARYING FORM OF TITLE
Title proper/short title views from the field
260 ## - PUBLICATION, DISTRIBUTION, ETC.
Place of publication, distribution, etc. (Cambridge, Mass.)
Name of publisher, distributor, etc. Havard University Press
Date of publication, distribution, etc. 1980
300 ## - PHYSICAL DESCRIPTION
Extent 38p : ill
350 ## - PRICE (NR) (BK AM CF MU VM SE) [OBSOLETE]
Price 0.00
650 ## - SUBJECT ADDED ENTRY--TOPICAL TERM
Topical term or geographic name entry element RURAL DEVELOPMENT--KENYA
650 #0 - SUBJECT ADDED ENTRY--TOPICAL TERM
Topical term or geographic name entry element MANAGEMENT
995 ## - RECOMMENDATION 995 [LOCAL, UNIMARC FRANCE]
-- 0.00
-- CBU-MAIN LIBRARY (Kitwe)
-- 1
-- 0.00
-- 1
-- WEEDED
-- Aug 30, 2017
-- Main Library Open Access Collection
Holdings
Withdrawn status Lost status Source of classification or shelving scheme Damaged status Not for loan Home library Current library Shelving location Date acquired Total Checkouts Full call number Barcode Date last seen Price effective from Koha item type
          CBU-MAIN LIBRARY, KITWE. CBU-MAIN LIBRARY, KITWE.   11/30/2022   HD 69.P75 Mon 018417 11/30/2022 11/30/2022 MONOGRAPH